Images That Start with 'D' Quiz Stats

Quiz Updated Nov 8, 2017

Challenge
Share
Tweet
Score 0/20 Timer 04:00
12 Plays Today
% Correct
dolphin
99%
dew
96.6%
donkey
96.3%
dough
93.7%
dove
93%
dartboard
92.3%
dynamite
90.3%
dagger
89.6%
dragonfly
88.8%
Denmark
83.1%
% Correct
diamond
83%
dandelion
77.5%
dalmatian
77.2%
dates
74.1%
daffodil
71.9%
droids
66.1%
delta
61.4%
dachshund
53.5%
diorama
43.8%
didgeridoo
36.9%

You're not logged in!

Compare scores with friends on all Sporcle quizzes.
Sign Up with Email
OR
Log In

You Might Also Like...

Show Comments

Extras

Top Quizzes Today


Score Distribution

Your Account Isn't Verified!

In order to create a playlist on Sporcle, you need to verify the email address you used during registration. Go to your Sporcle Settings to finish the process.